| 000 | 00383 a2200157 4500 | ||
|---|---|---|---|
| 001 | 148222 | ||
| 040 | _cEscola São Tomás de Aquino | ||
| 100 | _aD'ÁVILA, Wagner | ||
| 240 | 1 | 0 |
_aO pinguim que não veio do frio _lpor |
| 245 | 1 | 0 | _aO pinguim que não veio do frio |
| 300 | _a127 | ||
| 362 | 0 | _a2002 | |
| 440 | 1 | _aÁtica | |
| 697 | _a*LITERATURA INFANTO JUVENIL | ||
| 942 | _cBK | ||
| 999 |
_c148222 _d148222 |
||